| 000 | 00458cam a2200145 4500500 | ||
|---|---|---|---|
| 005 | 20251012012411.0 | ||
| 041 | _afre | ||
| 042 | _adc | ||
| 100 | 1 | 0 |
_aPernes, Caroline _eauthor |
| 245 | 0 | 0 | _aQui sauvera la planète ? |
| 260 | _c2022. | ||
| 500 | _a23 | ||
| 786 | 0 | _nPhilosophie magazine | 165 | 12 | 2022-12-01 | p. 60-60 | 1951-1787 | |
| 856 | 4 | 1 | _uhttps://shs.cairn.info/magazine-philosophie-magazine-2022-12-page-60?lang=fr&redirect-ssocas=7080 |
| 999 |
_c1526558 _d1526558 |
||